000
00328nam a2200133Ia 4500
008
231221s9999 xx 000 0 und d
041
_a
English
082
_a
001.6424JAV VAN;4
100
_a
Vanhelsuwe, Laurance
245
0
_a
Mastering Java 1.1
260
_b
New Delhi : BPB,
650
_a
Mastering,Java,1.1
942
_c
CD
999
_c
202369
_d
202369